书目信息 |
| 题名: |
化学文献指南
|
|
| 作者: | 陆仁荣 , 刘铸晋 编 | |
| 分册: | ||
| 出版信息: | 上海 上海翻译出版公司 1985 |
|
| 页数: | 122页 | |
| 开本: | 19cm | |
| 丛书名: | ||
| 单 册: | ||
| 中图分类: | G257.2 | |
| 科图分类: | ||
| 主题词: | 图书馆事业 , 图书馆学 | |
| 电子资源: | ||
| ISBN: | ||
| 000 | 00765nam0 2200265 45 | |
| 001 | 0185010837 | |
| 005 | 20060815084345.45 | |
| 010 | @dCNY0.97 | |
| 091 | @a13311.15 | |
| 100 | @a19900829d1985 em y0chiy0121 ea | |
| 101 | 0 | @achi |
| 102 | @aCN@b310000 | |
| 105 | @ay z 000yy | |
| 200 | 10 | @a化学文献指南@Ahua xue wen xian zhi nan@f刘铸晋, 陆仁荣编 |
| 210 | @a上海@c上海翻译出版公司@d1985 | |
| 215 | @a122页@d19cm | |
| 300 | @a根据1973年以来在上海有机化学研究所内部试用的资料《有机化学文献指南》改写而成 | |
| 606 | 0 | @a图书馆事业 |
| 606 | 0 | @a图书馆学 |
| 690 | @aG257.2 | |
| 701 | 0 | @a陆仁荣@Alu ren rong@4编 |
| 701 | 0 | @a刘铸晋@Aliu zhu jin@4编 |
| 801 | 2 | @aCN@bNLC@c20060815 |
| 801 | 0 | @aCN@b深圳图书馆@c20040424 |
| 905 | @f1@b154722@dG257.2@e17 | |
| 化学文献指南/刘铸晋, 陆仁荣编.-上海:上海翻译出版公司,1985 |
| 122页;19cm |
| 根据1973年以来在上海有机化学研究所内部试用的资料《有机化学文献指南》改写而成 |
| ISBN :CNY0.97 |
| ● |
| 相关链接 |
|
|
|
|
正题名:化学文献指南
索取号:G257.2/17
 
预约/预借
| 序号 | 登录号 | 条形码 | 馆藏地/架位号 | 状态 | 备注 |
| 1 | 0154722 | 000213655 | 第四借阅区/ [索取号:G257.2/17] | 在馆 | |
| 2 | 0460073 | 204600734 | 密集书库/ [索取号:G257.2/17] | 在馆 |